LEADER 01087nam a22002771i 4500 001 991000250189707536 005 20040801213737.0 008 040920s1998 it ita 020 $a9788823804647 035 $ab13195876-39ule_inst 035 $aARCHE-114211$9ExL 040 $aSet. Economia$bita$cA.t.i. Arché s.c.r.l. Pandora Sicilia s.r.l. 082 04$a338.6420 100 1 $aPuricelli, Marina$0117411 245 13$aLo sviluppo organizzativo della piccola impresa :$buna raccolta di casi commentati /$cMarina Puricelli 260 $aMilano :$bEGEA,$cc1998 300 $a182 p. ;$c24 cm 490 $aScritti di economia aziendale ;$v77 650 4$aMedie imprese$zItalia 650 4$aPiccole imprese$zItalia 907 $a.b13195876$b19-03-19$c23-09-04 912 $a991000250189707536 945 $aLE025 ECO 338.6 PUR01.01$g1$i2025000177628$lle025$nCatalogato 2019$o-$pE0.00$q-$rl$s- $t0$u2$v0$w2$x0$y.i13849700$z23-09-04 996 $aSviluppo organizzativo della piccola impresa$9416711 997 $aUNISALENTO 998 $ale025$b23-09-04$cm$da $e-$fita$git $h3$i1 LEADER 03396nam 22007695 450 001 9910160767303321 005 20250628110052.0 010 $a9783319329758 010 $a3319329758 024 7 $a10.1007/978-3-319-32975-8 035 $a(CKB)3710000000735034 035 $a(DE-He213)978-3-319-32975-8 035 $a(MiAaPQ)EBC5589045 035 $a(Au-PeEL)EBL5589045 035 $a(OCoLC)961854132 035 $a(MiAaPQ)EBC6422563 035 $a(Au-PeEL)EBL6422563 035 $a(OCoLC)1011855745 035 $a(oapen)https://directory.doabooks.org/handle/20.500.12854/35326 035 $a(ScCtBLL)f5b72ce5-e96b-48cc-ad42-dd577ba3ea57 035 $a(OCoLC)1163836613 035 $a(Perlego)2338405 035 $a(ODN)ODN0010073927 035 $a(oapen)doab35326 035 $a(EXLCZ)993710000000735034 100 $a20160614d2016 u| 0 101 0 $aeng 135 $aurnn|008mamaa 181 $ctxt$2rdacontent 182 $cc$2rdamedia 183 $acr$2rdacarrier 200 10$aTeaching and Learning of Calculus /$fby David Bressoud, Imène Ghedamsi, Victor Martinez-Luaces, Günter Törner 205 $a1st ed. 2016. 210 $d2016 210 1$aCham :$cSpringer International Publishing :$cImprint: Springer,$d2016. 215 $a1 online resource (VII, 37 p.) 225 1 $aICME-13 Topical Surveys,$x2366-5955 311 08$a9783319329741 311 08$a331932974X 327 $aMain Topics You Can Find in this ?ICME-13 Topical Survey? -- Introduction -- Survey on the State-of-the-art -- Summary and Looking Ahead. 330 $aThis survey focuses on the main trends in the field of calculus education. Despite their variety, the findings reveal a cornerstone issue that is strongly linked to the formalism of calculus concepts and to the difficulties it generates in the learning and teaching process. As a complement to the main text, an extended bibliography with some of the most important references on this topic is included. Since the diversity of the research in the field makes it difficult to produce an exhaustive state-of-the-art summary, the authors discuss recent developments that go beyond this survey and put forward new research questions. 410 0$aICME-13 Topical Surveys,$x2366-5955 606 $aMathematics$xStudy and teaching 606 $aLearning, Psychology of 606 $aTeachers$xTraining of 606 $aMathematics Education 606 $aInstructional Psychology 606 $aTeaching and Teacher Education 615 0$aMathematics$xStudy and teaching. 615 0$aLearning, Psychology of. 615 0$aTeachers$xTraining of. 615 14$aMathematics Education. 615 24$aInstructional Psychology. 615 24$aTeaching and Teacher Education. 676 $a370 686 $aEDU009000$aEDU029010$aEDU046000$2bisacsh 700 $aBressoud$b David$4aut$4http://id.loc.gov/vocabulary/relators/aut$060616 702 $aGhedamsi$b Imène$4aut$4http://id.loc.gov/vocabulary/relators/aut 702 $aMartinez-Luaces$b Victor$4aut$4http://id.loc.gov/vocabulary/relators/aut 702 $aTörner$b Günter$4aut$4http://id.loc.gov/vocabulary/relators/aut 801 0$bMiAaPQ 801 1$bMiAaPQ 801 2$bMiAaPQ 906 $aBOOK 912 $a9910160767303321 996 $aTeaching and Learning of Calculus$92262361 997 $aUNINA